| 000 | 00753cab a2200229 4500 | ||
|---|---|---|---|
| 001 | WB3439-10 | ||
| 008 | 090401t1998 xxu||||| |||| 00| 0 eng d | ||
| 035 | _a(Sirsi) u89045 | ||
| 041 | _aeng | ||
| 245 | _aRents must match expenditure | ||
| 260 | _c1998 | ||
| 350 | _a0 | ||
| 490 |
_aProperty Week _v63(25) 16 October 1998, 17(1) |
||
| 520 | _aRetail rents have increased at a much greater rate than consumer spending. According to DTZ Debenham Thorpe, this trend has been established over the past three years. Graph. | ||
| 650 | _aCONSUMER SPENDING | ||
| 650 | _aDTZ DEBENHAM THORPE | ||
| 650 | _aRENT INCREASES | ||
| 650 | _aRETAIL RENTS | ||
| 690 | _aPROPERTY-COMMERCIAL PROPERTY-RETAIL PROPERTY | ||
| 942 | _n0 | ||
| 948 | _c16/10/1998 | ||
| 999 |
_c56313 _d56313 |
||